100 éve írták tallózás régi kassai lapokban

Bibliographic Details
Main Author: Anna, Peter, 1982- (Author)
Format: Article
Language:Hungarian
PhysicalDescription:Fotogr.
Subjects:

MARC

LEADER 00000nab a2200000 a 4500
001 vtls010633517
003 SK-MaSNL
005 20260318123727.0
008 141106|2013 xo m| | |00 0|hun
038 |a KEVKJB 
040 |a KEVKJB  |b slo  |c KEVKJB  |e AACR2 
041 0 |a hun 
044 |a xo  |c SK 
080 |a 908(437.672)  |2 2001 
100 1 |a Anna, Peter,  |d 1982-  |4 aut  |9 500502 
245 1 0 |a 100 éve írták  |b tallózás régi kassai lapokban  |c Anna Péter 
300 |b Fotogr. 
610 2 7 |a KAC (Košice, Slovensko)  |2 kevkjb  |9 1078162 
648 7 |a 1913  |2 SNK  |9 384005 
650 0 7 |a dobové dokumenty  |2 snkbucl  |9 1089278 
650 0 7 |a šerm  |2 kevkjb  |9 3252 
650 0 7 |a dejiny miest  |2 SNKPH  |9 164833 
651 7 |a Košice (Slovensko)  |2 snkbucl  |9 18694 
773 0 |t Kassai Figyelő  |g Évf. XI, sz. 6 (2013), o. 20-21 
852 |a KEVKJB  |b KIS3GCP 
958 |a HU 
999 |c 2653715  |d 2655645